header

Relational analysis (Record no. 246114)

MARC details
000 -LEADER
fixed length control field 01378nam a2200337 a 4500
100 1# - MAIN ENTRY--AUTHOR NAME
Personal name Kaufman, J. Gilbert.
245 10 - TITLE STATEMENT
Title Relational analysis
260 ## - PUBLICATION, DISTRIBUTION, ETC. (IMPRINT)
Place of publication Materials Park, Ohio :
Name of publisher ASM International,
Year of publication 2011.
300 ## - PHYSICAL DESCRIPTION
Number of Pages vi, 279 p. :
Other physical details ill.
650 #0 - SUBJECT ADDED ENTRY--TOPICAL TERM
Topical Term Metals
Topical Term Metals
Topical Term Metals
Topical Term Metals
856 40 - ELECTRONIC LOCATION AND ACCESS
Uniform Resource Identifier http://site.ebrary.com/lib/rucke/Doc?id=10540839

No items available.

© 2026 Rongo University
Contact us: librarian | system librarian | Rongo university